Statistics for SAT Words Click Quiz - S

Click here to take the quiz!

General Stats

  • This quiz has been taken 271 times
  • The average score is 10 of 15

Answer Stats

HintAnswer% Correct
Occurring irregularlySporadic
92%
Soak completelySaturate
91%
Walk leisurelySaunter
89%
Pale; unhealthy lookingSallow
87%
Luck in finding good thingsSerendipity
79%
Tiny amountScintilla
76%
Cynical, mockingSardonic
72%
Incitement of rebellionSedition
72%
Wise, perceptiveSagacious
69%
Stealthy, sneakySurreptitious
65%
Promoting healthSalubrious
58%
Related to tailoringSartorial
57%
Sleep-inducingSoporific
57%
Job requiring little or no workSinecure
46%
DiligentSedulous
37%

Score Distribution

Percentile by Number Answered

Percent of People with Each Score

Your Score History

You have not taken this quiz